00000000nam 2200000za 4500
0019.697962
003CaOODSP
00520210624235720
007cr |||||||||||
008150407s1908||||xxc ||||o    f|00 0 eng d
040 |aCaOODSP|beng
043 |an-cn---
0861 |aA22-569/1908E-PDF
1001 |aRutherford, J. G. |q(John Gunion)|d1857-1923.
24514|aThe control of bovine tuberculosis |h[electronic resource] : |ba paper read before Section VII of the International Congress on Tuberculosis, at Washington, D.C., October 1, 1908 / |cby J.G. Rutherford.
260 |aOttawa : |bDepartment of Agriculture,|c1908.
300 |a12 p.
500 |aHistorical publication digitized by Agriculture and Agri-Food Canada.
590 |a13-17-Supp|b2013-07-25
69007|aAnimal diseases|2gcpds
69007|aLivestock|2gcpds
7101 |aCanada. |bDepartment of Agriculture.|bBranch of the Live Stock Commissioner.
7112 |aInternational Congress on Tuberculosis |d(1908|cWashington, D.C.) .
77508|tL'enrayement de la tuberculose bovine |w(CaOODSP)9.641510
85640|ahttp://publications.gc.ca|qPDF|s4.30 MB|uhttps://publications.gc.ca/collections/collection_2013/aac-aafc/agrhist/A22-569-1908-eng.pdf